000 00590nam a2200241Ia 4500
003 OSt
005 20221005124016.0
006 a|||||r|||| 00| 0
007 ta
008 221004b |||||||| |||| 00| 0 tam d
024 _a52334
037 _cTextual
040 _aCRL
_cCRL
_btam
041 _2tam
_atam
082 _aV58.N3, 31J2
100 _aCheyers Au.
_9634562
245 0 _aMaperum chadhi
260 _c1952
650 _aHISTORY
700 _a Kan Au.
_9634563
942 _hV58.N3, 31J2
_cTEXL
_2cc
999 _c1049185
_d1049185